[Event "MS 2010-2011"]
[Site "?"]
[Date "2010.10.26"]
[Round "2.1"]
[White "Gavron, Ladislav"]
[Black "Folta, Jaroslav"]
[Result "1/2-1/2"]
[WhiteElo "1779"]
[BlackElo "1782"]
[PlyCount "52"]
[EventDate "2010.10.27"]
[SourceDate "2010.10.27"]
[WhiteTeam "Slovan B"]
[BlackTeam "Dynamo DP C"]

1. e4 e6 2. d4 c5 3. Nf3 Nf6 4. Bd3 c4 5. Bxc4 Nxe4 6. d5 Bb4+ 7. c3 Bc5 8. O-O
O-O 9. Qc2 f5 10. b4 Bd6 11. Nbd2 Nf6 12. h3 exd5 13. Bb3 Nc6 14. Nh4 g6 15.
Ndf3 Ne5 16. Bg5 Nxf3+ 17. Nxf3 Be7 18. Rae1 Kg7 19. Bxf6+ Bxf6 20. Bxd5 Qc7
21. c4 d6 22. a4 Bd7 23. b5 a6 24. Qd3 axb5 25. axb5 Rae8 26. Nd4 Re5 1/2-1/2

[Event "MS 2010-2011"]
[Site "?"]
[Date "2010.10.26"]
[Round "2.2"]
[White "Mitas, Lambert"]
[Black "Mladejovsky, Miroslav"]
[Result "0-1"]
[WhiteElo "1706"]
[BlackElo "1712"]
[PlyCount "66"]
[EventDate "2010.10.27"]
[SourceDate "2010.10.27"]
[WhiteTeam "Dynamo DP C"]
[BlackTeam "Slovan B"]

1. c4 e5 2. Nc3 Nf6 3. e4 Nc6 4. a3 Bc5 5. h3 Nd4 6. b4 Be7 7. Nf3 Nxf3+ 8.
Qxf3 c5 9. Rb1 a5 10. bxc5 Bxc5 11. a4 d6 12. Nd5 Nxd5 13. cxd5 O-O 14. Ba3 b6
15. Bb5 f5 16. Bxc5 bxc5 17. O-O fxe4 18. Qxe4 Bf5 19. Qc4 Bxb1 20. Rxb1 Rf4
21. Qe2 Qf6 22. Bd7 Rf8 23. f3 Rb4 24. Rxb4 cxb4 25. Qa6 e4 26. Be6+ Kh8 27.
Qxd6 exf3 28. gxf3 Qxf3 29. Qa6 Qd1+ 30. Kg2 Qxd2+ 31. Kg1 Qe1+ 32. Kg2 b3 33.
Qb5 Qd2+ 0-1

[Event "MS 2010-2011"]
[Site "?"]
[Date "2010.10.26"]
[Round "2.3"]
[White "Benes, Jaroslav"]
[Black "Glisnik, Vladimir"]
[Result "1/2-1/2"]
[WhiteElo "1644"]
[BlackElo "1692"]
[PlyCount "44"]
[EventDate "2010.10.27"]
[SourceDate "2010.10.27"]
[WhiteTeam "Slovan B"]
[BlackTeam "Dynamo DP C"]

1. e4 e5 2. Nf3 Nc6 3. Bb5 a6 4. Ba4 Bc5 5. c3 Nf6 6. O-O O-O 7. d4 exd4 8. e5
Ne8 9. cxd4 Be7 10. Nc3 d6 11. h3 b5 12. Bb3 dxe5 13. dxe5 Qxd1 14. Rxd1 Na5
15. Bc2 h6 16. Nd5 Bc5 17. b4 c6 18. bxc5 cxd5 19. Rxd5 Bb7 20. Rd7 Bc6 21. Rd4
Nc7 22. Bb2 Ne6 1/2-1/2

[Event "MS 2010-2011"]
[Site "?"]
[Date "2010.10.26"]
[Round "2.4"]
[White "Brezovjak, Karel"]
[Black "Salek, Josef"]
[Result "0-1"]
[WhiteElo "1717"]
[BlackElo "1807"]
[PlyCount "46"]
[EventDate "2010.10.27"]
[SourceDate "2010.10.27"]
[WhiteTeam "Dynamo DP C"]
[BlackTeam "Slovan B"]

1. e4 e5 2. Nf3 Nc6 3. Bc4 Bc5 4. c3 Nf6 5. b4 Bd6 6. d3 a6 7. O-O O-O 8. Bg5
h6 9. Bh4 Re8 10. Na3 Be7 11. Nc2 d6 12. Ne3 Ng4 13. Bxe7 Rxe7 14. Nd5 Re8 15.
h3 Nf6 16. Nh2 Nxd5 17. Bxd5 Ne7 18. Bb3 Ng6 19. Qh5 Be6 20. Ng4 Nf4 21. Nxh6+
gxh6 22. Qxh6 Bxb3 23. axb3 Re6 0-1

[Event "MS 2010-2011"]
[Site "?"]
[Date "2010.10.26"]
[Round "2.5"]
[White "Lindovsky, Bohdan"]
[Black "Pirhala, Ladislav"]
[Result "1-0"]
[WhiteElo "1553"]
[BlackElo "1536"]
[PlyCount "119"]
[EventDate "2010.10.27"]
[SourceDate "2010.10.27"]
[WhiteTeam "Slovan B"]
[BlackTeam "Dynymo DP C"]

1. e4 c6 2. Bc4 d5 3. exd5 cxd5 4. Bb3 Nf6 5. Ne2 Bf5 6. O-O e6 7. d4 Nc6 8. c3
Be7 9. Ng3 Bg6 10. Be3 Qd6 11. f4 Ne4 12. Nxe4 Bxe4 13. Nd2 Bf5 14. Bc2 Bg6 15.
Nf3 Bh5 16. Qe1 O-O 17. Qg3 Bg6 18. Rac1 b5 19. Ne5 Nxe5 20. dxe5 Qc7 21. a3
Bc5 22. Qf2 Bxe3 23. Qxe3 Rac8 24. f5 exf5 25. Bxf5 Bxf5 26. Rxf5 Qc5 27. Re1
Qxe3+ 28. Rxe3 Rc4 29. Rd3 Rd8 30. b3 Re4 31. Rdf3 d4 32. cxd4 Rexd4 33. Rxf7
Rd1+ 34. Kf2 R1d7 35. Rxd7 Rxd7 36. g4 h6 37. h4 Re7 38. Re3 Kf7 39. Kf3 Ke6
40. Ke4 Rd7 41. Rc3 Rd1 42. Rc6+ Kd7 43. Ra6 Re1+ 44. Kd4 Rd1+ 45. Kc5 Re1 46.
e6+ Rxe6 47. Rxe6 Kxe6 48. Kxb5 Ke5 49. Ka6 Kf4 50. g5 hxg5 51. hxg5 Kxg5 52.
Kxa7 Kh4 53. b4 g5 54. b5 g4 55. b6 g3 56. b7 g2 57. b8=Q g1=Q+ 58. Qb6 Qg7+
59. Ka6 Qg2 60. Qh6+ 1-0

[Event "MS 2010-2011"]
[Site "?"]
[Date "2010.11.09"]
[Round "3.1"]
[White "Heric, Milan"]
[Black "Gavron, Ladislav"]
[Result "1/2-1/2"]
[WhiteElo "1688"]
[BlackElo "1779"]
[PlyCount "25"]
[EventDate "2010.??.??"]
[SourceDate "2010.11.22"]
[WhiteTeam "Mar.Hory "]
[BlackTeam "Slovan "]

1. e4 d5 2. exd5 Nf6 3. c4 c6 4. dxc6 Nxc6 5. Nf3 e5 6. d3 Bg4 7. Be2 Be7 8.
Be3 O-O 9. a3 Qc7 10. Nbd2 Rad8 11. O-O Bf5 12. Qc2 Ng4 13. Ne1 1/2-1/2

[Event "MS 2010-2011"]
[Site "?"]
[Date "2010.11.09"]
[Round "3.2"]
[White "Mladejovsky, Miroslav"]
[Black "Bohacek, Josef"]
[Result "1-0"]
[WhiteElo "1712"]
[BlackElo "1605"]
[PlyCount "61"]
[EventDate "2010.??.??"]
[SourceDate "2010.11.23"]
[WhiteTeam "Slovan "]
[BlackTeam "Mar.Hory "]

1. d4 Nf6 2. c4 e6 3. Nf3 b6 4. Nc3 Bb7 5. Bg5 h6 6. Bh4 Bb4 7. Qb3 a5 8. a3
Bxc3+ 9. Qxc3 g5 10. Bg3 Ne4 11. Qc2 Nxg3 12. hxg3 d6 13. e3 Nd7 14. Bd3 Qf6
15. Be4 c6 16. Nh2 h5 17. Nf3 d5 18. Bd3 g4 19. Nh4 Rc8 20. O-O c5 21. f4 gxf3
22. Rxf3 Qg5 23. Raf1 dxc4 24. Be4 Bxe4 25. Qxe4 Rf8 26. Nf5 Qg8 27. Nd6+ Kd8
28. Nxf7+ Kc7 29. Qxe6 Rxf7 30. Rxf7 Rd8 31. Rxd7+ 1-0

[Event "MS 2010-2011"]
[Site "?"]
[Date "2010.11.09"]
[Round "3.4"]
[White "Szabo, Pavel"]
[Black "Lièka, Radek"]
[Result "1-0"]
[WhiteElo "1658"]
[BlackElo "1573"]
[PlyCount "53"]
[EventDate "2010.??.??"]
[SourceDate "2010.11.23"]
[WhiteTeam "Slovan "]
[BlackTeam "Mar.Hory "]

1. d4 e6 2. e4 d5 3. Nd2 c5 4. c3 Nc6 5. e5 cxd4 6. cxd4 Nxd4 7. Qa4+ Nc6 8.
Ngf3 Bd7 9. Qb3 Qc7 10. Be2 Bc5 11. O-O Nge7 12. Bd3 Bb6 13. Re1 O-O 14. a3 Na5
15. Qd1 Qc5 16. Qe2 Nac6 17. Nb3 Nd4 18. Nfxd4 Qc7 19. Bg5 Ba4 20. Rac1 Qd7 21.
Nc5 Bxc5 22. Rxc5 Nc6 23. Nxc6 Bxc6 24. Qh5 h6 25. Bf6 gxf6 26. exf6 Rfc8 27.
Qxh6 1-0

[Event "MS 2010-2011"]
[Site "?"]
[Date "2010.11.09"]
[Round "3.6"]
[White "Hurta, Jan"]
[Black "Linart, Ludvik"]
[Result "1-0"]
[WhiteElo "1626"]
[BlackElo "1663"]
[PlyCount "103"]
[EventDate "2010.10.27"]
[SourceDate "2010.11.10"]
[WhiteTeam "Slovan "B""]
[BlackTeam "Mar.Hory "E""]

1. e4 b6 2. d4 e6 3. Nc3 Bb7 4. Bc4 Bb4 5. Nge2 Bxe4 6. O-O Bxc3 7. Nxc3 Bb7 8.
Qg4 g6 9. Bg5 f6 10. Bf4 Qe7 11. Bxc7 Nh6 12. Qh3 Nf5 13. Nb5 a6 14. Nc3 b5 15.
Bd3 O-O 16. Bxf5 exf5 17. Rfe1 Qb4 18. Re2 Nc6 19. Rae1 Rf7 20. d5 Nd4 21. Re8+
Rxe8 22. Rxe8+ Kg7 23. Bf4 Ne2+ 24. Rxe2 Qxf4 25. Qe3 Qxe3 26. Rxe3 b4 27. Na4
Bxd5 28. Nc5 a5 29. b3 g5 30. f3 Kf8 31. Kf2 Re7 32. Rd3 Bc6 33. Rd6 Kf7 34.
Kg3 h5 35. Kf2 Bb5 36. Nd3 h4 37. Rd5 Bxd3 38. Rxd3 Ke6 39. c4 d6 40. Rd5 Rc7
41. Rxa5 Rc5 42. Ra4 d5 43. Rxb4 dxc4 44. bxc4 Ke5 45. Rb5 Kd4 46. Rxc5 Kxc5
47. Ke3 Kxc4 48. a4 Kb4 49. Kd4 Kxa4 50. Kd5 Kb5 51. Ke6 g4 52. Kxf5 1-0

[Event "MS 2010-2011"]
[Site "?"]
[Date "2011.01.25"]
[Round "7.5"]
[White "Hlavacek, Ladislav"]
[Black "Hurta, Jan"]
[Result "1/2-1/2"]
[WhiteElo "1597"]
[BlackElo "1626"]
[PlyCount "82"]
[EventDate "2010.11.29"]
[WhiteTeam "Mar.Hory "D""]
[BlackTeam "Slovan "B""]

1. Nf3 d5 2. d4 Bf5 3. Bf4 e6 4. Nc3 Bb4 5. e3 Ne7 6. Be2 O-O 7. O-O Bxc3 8.
bxc3 Nd7 9. c4 c5 10. cxd5 Nxd5 11. Bg3 Nc3 12. Qd2 cxd4 13. Nxd4 Nxe2+ 14.
Qxe2 Bg6 15. Rfc1 Nc5 16. Nb3 Rc8 17. Nxc5 Rxc5 18. Rd1 Qc8 19. Bd6 Rxc2 20.
Qe1 Rd8 21. e4 Qc6 22. e5 f6 23. Be7 Rxd1 24. Rxd1 Kf7 25. exf6 gxf6 26. Bb4
Be4 27. f3 Bd5 28. a3 Qb6+ 29. Kh1 Qf2 30. Qxf2 Rxf2 31. Kg1 Re2 32. Rd2 Rxd2
33. Bxd2 b5 34. Kf2 Ke7 35. Ke3 e5 36. g4 Ke6 37. h4 Kf7 38. f4 exf4+ 39. Kxf4
Be6 40. g5 fxg5+ 41. hxg5 Kg6 1/2-1/2

[Event "MS 2010-2011"]
[Site "?"]
[Date "2011.02.08"]
[Round "8.5"]
[White "Hurta, Jan"]
[Black "Hlavacek, Ladislav"]
[Result "0-1"]
[WhiteElo "1624"]
[BlackElo "1597"]
[PlyCount "66"]
[EventDate "2010.11.29"]

1. e4 e5 2. Nf3 Nc6 3. d4 exd4 4. Nxd4 Bc5 5. Be3 Qf6 6. c3 Nge7 7. Bc4 d6 8.
O-O Ne5 9. f4 Nxc4 10. Qe2 Nxe3 11. Qxe3 O-O 12. b4 Bb6 13. f5 Nc6 14. Rd1 Re8
15. g4 h6 16. Na3 Ne5 17. Qg3 c5 18. bxc5 dxc5 19. Ndb5 c4+ 20. Kh1 a6 21. Rd6
Qe7 22. Rxb6 axb5 23. Nxb5 Nd3 24. Nc7 Qxe4+ 25. Kg1 Bd7 26. Nxe8 Bc6 27. Rxc6
Rxe8 28. Rc7 Nf4 29. Re1 Ne2+ 30. Kf2 Qc2 31. Rxe2 Rxe2+ 32. Kf3 Qd3+ 33. Kf4
Qe4# 0-1

[Event "MS 2010-2011"]
[Site "?"]
[Date "2011.03.08"]
[Round "10.1"]
[White "Mladejovsky, Miroslav"]
[Black "Vanek, Jiri"]
[Result "1-0"]
[WhiteElo "1712"]
[BlackElo "1781"]
[PlyCount "77"]
[EventDate "2010.11.29"]
[WhiteTeam "Slovan B"]
[BlackTeam "Sokol Polanka"]

1. d4 Nf6 2. c4 c5 3. d5 d6 4. Nc3 g6 5. e4 Bg7 6. Nf3 e6 7. Bd3 exd5 8. exd5
O-O 9. O-O a6 10. h3 b6 11. Bg5 h6 12. Bf4 g5 13. Be3 g4 14. Nh2 gxh3 15. g3
Nbd7 16. Qd2 Ne5 17. Be2 Neg4 18. Bxg4 Nxg4 19. Nxg4 Bxg4 20. f3 Bf5 21. Bxh6
Qf6 22. Bxg7 Kxg7 23. Kh2 Qg6 24. Qf4 Rg8 25. Ne4 Rad8 26. Rae1 Kf8 27. Qh4 Rb8
28. Nf6 Rg7 29. Qh8+ Rg8 30. Nxg8 Qxg8 31. Qh4 Qg7 32. Qe7+ Kg8 33. Rf2 Qd4 34.
Qg5+ Bg6 35. Rfe2 Kg7 36. b3 b5 37. f4 bxc4 38. f5 Qxd5 39. f6+ 1-0

[Event "MS 2010-2011"]
[Site "?"]
[Date "2011.03.08"]
[Round "10.2"]
[White "Novotny, Stanislav"]
[Black "Benes, Jaroslav"]
[Result "0-1"]
[WhiteElo "1798"]
[BlackElo "1644"]
[PlyCount "74"]
[EventDate "2010.11.29"]
[WhiteTeam "Sokol Polanka"]
[BlackTeam "Slovan B"]

1. Nf3 d5 2. b3 Bg4 3. Bb2 c5 4. e3 Nc6 5. Bb5 Nf6 6. h3 Bh5 7. g4 Bg6 8. Ne5
Rc8 9. d3 e6 10. Qf3 Bd6 11. h4 h6 12. Nd2 O-O 13. Bxc6 bxc6 14. g5 Bh5 15. Qg2
Bxe5 16. Bxe5 Ng4 17. gxh6 g6 18. Bg7 Re8 19. f3 Nxe3 20. Qf2 Nxc2+ 21. Kd1
Nxa1 22. Bxa1 d4 23. Ne4 e5 24. Ng3 Kh7 25. Nxh5 gxh5 26. Qd2 Qf6 27. Rg1 Qxh6
28. Qe2 Qf4 29. Qe4+ Qxe4 30. fxe4 Rg8 31. Rf1 Rg7 32. Bb2 Rcg8 33. Ba3 Rg1 34.
Ke1 Rxf1+ 35. Kxf1 Rg4 36. Bxc5 a6 37. Be7 Kg6 0-1

[Event "MS 2010-2011"]
[Site "?"]
[Date "2011.03.08"]
[Round "10.3"]
[White "Szabo, Pavel"]
[Black "Adamcik, Miroslav"]
[Result "1/2-1/2"]
[WhiteElo "1658"]
[BlackElo "1672"]
[PlyCount "37"]
[EventDate "2010.11.29"]
[WhiteTeam "Slovan B"]
[BlackTeam "Sokol Polanka"]

1. d4 d5 2. c4 dxc4 3. Nc3 e6 4. Nf3 Nc6 5. e4 Nf6 6. Bxc4 a6 7. a3 Be7 8. O-O
O-O 9. h3 h6 10. Be3 b6 11. Rc1 Bb7 12. Bd3 Nh7 13. d5 exd5 14. Nxd5 Bd6 15.
Bf4 Nf6 16. Bxd6 cxd6 17. Ne3 Ne5 18. Nxe5 dxe5 19. Bb1 1/2-1/2

[Event "MS 2010-2011"]
[Site "?"]
[Date "2011.03.08"]
[Round "10.4"]
[White "Skockova, Katerina"]
[Black "Salek, Josef"]
[Result "1/2-1/2"]
[WhiteElo "1689"]
[BlackElo "1807"]
[PlyCount "39"]
[EventDate "2010.11.29"]
[WhiteTeam "Sokol Polanka"]
[BlackTeam "Slovan B"]

1. e4 e5 2. Nf3 d6 3. Bc4 Be7 4. Nc3 c6 5. d4 b5 6. Bb3 b4 7. Ne2 Qc7 8. c3 a5
9. Ng3 Nf6 10. h3 O-O 11. O-O Nbd7 12. Nf5 Nb6 13. Nxe7+ Qxe7 14. Bg5 h6 15.
Bxf6 Qxf6 16. cxb4 axb4 17. dxe5 dxe5 18. Qc2 Ba6 19. Rfe1 Nd7 20. Rad1 1/2-1/2

[Event "MS 2010-2011"]
[Site "?"]
[Date "2011.03.08"]
[Round "10.5"]
[White "Lindovsky, Bohdan"]
[Black "Kolar, Lubos"]
[Result "1/2-1/2"]
[WhiteElo "1553"]
[BlackElo "1603"]
[PlyCount "75"]
[EventDate "2010.11.29"]
[WhiteTeam "Slovan B"]
[BlackTeam "Sokol Polanka"]

1. e4 d6 2. Bc4 Nc6 3. Nf3 e6 4. h3 Bd7 5. O-O g6 6. d4 Bg7 7. c3 Nge7 8. d5
Na5 9. Be2 exd5 10. exd5 b6 11. b4 Nb7 12. Bg5 O-O 13. Nd4 f6 14. Bc1 a5 15. b5
Nc5 16. a4 Qe8 17. Re1 Qf7 18. c4 f5 19. Bb2 Be5 20. Nd2 Qg7 21. N2f3 Bf6 22.
Rb1 Qh6 23. Bc1 Qg7 24. Bg5 Rae8 25. Bf1 Ne4 26. Bxf6 Qxf6 27. Qd3 Nc5 28. Qc2
f4 29. Ra1 Nf5 30. Nb3 Rxe1 31. Rxe1 Nxb3 32. Qxb3 Re8 33. Rxe8+ Bxe8 34. Qd1
h6 35. Bd3 Nd4 36. Nxd4 Qxd4 37. Qe2 Qe5 38. h4 1/2-1/2

[Event "MS 2010-2011"]
[Site "?"]
[Date "2011.03.08"]
[Round "10.4"]
[White "Pirhala, Ladislav"]
[Black "Licka, Radek"]
[Result "0-1"]
[WhiteElo "1536"]
[BlackElo "1573"]
[Annotator "Deep Rybka"]
[PlyCount "146"]
[EventDate "2007.??.??"]
[WhiteTeam "Dynamo DP C"]
[BlackTeam "Mar. Hory E"]

{B90: Sicilska obrana (Najdorfova varianta, odchylky)} 1. e4 c5 2. Nf3 d6 {
Prevents intrusion on e5} 3. d4 cxd4 4. Nxd4 {
Eerny zaostava ve vyvinu. Eerna figura je uzavoena: f8} Nf6 {
Eerny hrozi ziskat material: Jf6xe4} 5. Nc3 a6 {Secures b5} 6. Be3 {
Eerny zaostava ve vyvinu. Eerna figura je uzavoena: f8} (6. Bc4 e5 7. Nf3 Be7
$11) 6... e5 {Eerny hrozi ziskat material: e5xd4} 7. Nb3 Be7 8. f3 {
Consolidates g4} Be6 9. Qd2 O-O 10. g4 (10. O-O-O Nbd7 $11) 10... Qc7 (10... d5
$5 11. exd5 Nxd5 12. Nxd5 Bh4+ 13. Bf2 Bxd5 $15) 11. O-O-O Rd8 (11... Nbd7 12.
g5 Nh5 13. Kb1 $11) 12. g5 $14 {Bily hrozi ziskat material: g5xf6} Nfd7 13. Nd5
Bxd5 14. Qxd5 {Bily ma dvojici stoelcu} Nb6 {
Eerny hrozi ziskat material: Jb6xd5} 15. Qd2 (15. Qa5 N8d7 $14) 15... Nc6 (
15... a5 16. Kb1 $11 (16. Nxa5 $143 d5 $17)) 16. Kb1 Rac8 17. Rc1 (17. Qf2 Na4
$14) 17... Nb8 (17... d5 $142 $5 {must be considered} 18. exd5 Nxd5 $15) 18. h4
Nc4 19. Bxc4 Qxc4 20. h5 d5 21. exd5 Rxd5 (21... Qxd5 22. Qg2 $11) 22. Qg2 $14
f5 (22... Qc6 $5 $14 {is worth looking at}) 23. gxf6 $16 Bxf6 24. Rhg1 (24. Nd2
Qc6 $16) 24... Qc7 (24... Rb5 25. Rcd1 e4 26. fxe4 Rxh5 27. Rd6 $16) 25. Nd2
Qf7 26. Ne4 Be7 $2 (26... Kh8 $142 $5 $16) 27. Bh6 $18 Bf8 $2 (27... g6 28.
hxg6 hxg6 29. Qxg6+ Qxg6 30. Rxg6+ Kf7 31. Rg7+ Ke6 $18) 28. Qg4 {
Bily hrozi ziskat material: Dg4xc8} (28. Bxg7 $142 {
and the result of the game is clear: White will win} Bxg7 29. h6 $18) 28... Rc6
$14 {Eerny hrozi ziskat material: Vc6xh6} 29. Be3 Nd7 30. Ng5 Qe7 $2 (30... Nf6
31. Nxf7 Nxg4 32. fxg4 Kxf7 33. Rcf1+ Kg8 34. g5 $11) 31. Ne4 $4 {
a transit from better to worse} (31. Nxh7 $142 {
White clearly has the better chances} Nf6 32. Nxf6+ Qxf6 33. Qe4 $18) 31... Nf6
(31... Qf7 32. h6 g6 33. Bg5 $14) 32. Nxf6+ Qxf6 33. Rcf1 Qe6 34. Qe4 Ra5 (
34... b5 35. b3 $11) 35. b3 $14 Qd6 (35... Rb5 36. Rg5 $14) 36. Bc1 Qd5 37. Qe2
e4 $2 (37... Qf7 $142 $14 {is a viable option}) 38. h6 exf3 $4 {
a blunder in a bad position} (38... g6 39. Rg5 Qd8 40. Rxa5 Qxa5 41. fxe4 Qd8
$18) 39. Rxf3 (39. hxg7 Qe6 (39... fxe2 $4 {leads to instant death in 1} 40.
gxf8=Q#) 40. gxf8=Q+ Kxf8 41. Rxf3+ Rf5 42. Ba3+ Ke8 43. Rxf5 Rd6 44. Qh5+ Qg6
45. Rxg6 hxg6 46. Qh7 gxf5 47. Bxd6 Kd8 48. Qe7+ Kc8 49. Qe8#) 39... g6 (39...
Qd7 40. hxg7 Bxg7 $18) 40. Rd1 Qh5 (40... Re6 {hoping against hope} 41. Qf1
Qxf3 42. Qxf3 Rf5 43. Qxb7 g5 $18) 41. Rd8 (41. Rxf8+ Kxf8 42. Rd8+ Kf7 43.
Qe8+ Kf6 44. Qf8+ Ke6 45. Re8+ Kd5 46. Qf7+ Kd4 47. Qf4+ Kd5 48. Qe4+ Kc5 49.
Be3+ Kd6 50. Rd8+ Kc7 51. Qe7#) 41... Rf5 42. Rxf5 (42. Qe7 $1 Qxh6 43. Bxh6
Rc7 44. Rxf5 Rxe7 45. Rdxf8#) 42... Qxf5 $18 (42... Qxe2 $4 {
is followed by mate in 1} 43. Rdxf8#) 43. Ba3 (43. Qd1 $5 Kf7 44. Rd5 Qe4 $18)
43... Rc8 $16 44. Rxf8+ (44. Rxc8 $5 Qxc8 45. Bxf8 Qxf8 46. Qc4+ Qf7 47. Qc8+
Qf8 48. Qxb7 Qf1+ 49. Kb2 Qf6+ 50. Ka3 Qf8+ 51. Ka4 Qxh6 52. Qxa6 Qf4+ 53. c4
$16) 44... Rxf8 $14 45. Qc4+ $4 {allows the opponent back into the game} (45.
Bxf8 $142 {and White can hope to survive} Kxf8 46. Qg2 $11) 45... Rf7 $17 46.
Qd4 Qf1+ (46... Rd7 47. Qc4+ Qd5 48. Qf4 Qd1+ 49. Bc1 $17) 47. Bc1 Qf6 48. Qe4
(48. Qd5 $142 Qe7 49. a4 $17) 48... g5 (48... Qe7 49. Qc4 $17) 49. Qe3 (49.
Qe8+ Rf8 50. Qe4 Qf3 51. Qc4+ Rf7 52. Qc8+ Rf8 53. Qc4+ Qf7 $11) 49... Rf8 (
49... Qxh6 $5 50. Qc5 Qg6 51. Bxg5 Qf5 $17) 50. Qh3 (50. Qe4 Rd8 51. Qc4+ Qf7
$11) 50... Qg6 (50... Re8 $15) 51. Qh1 (51. Qd7 Qxh6 52. Qd5+ Rf7 53. Qd8+ Qf8
54. Qxg5+ Qg7 55. Qd8+ Rf8 56. Qd5+ Kh8 $11) 51... Rf7 (51... Rd8 $142 $17) 52.
Qd5 $11 {Bily hrozi ziskat material: Dd5xg5} Qxh6 53. Bxg5 (53. Bb2 $142 $5 $11
{is the best option White has}) 53... Qh5 54. Qd8+ Rf8 55. Qc7 $4 {
leads to further unpleasantness} (55. Qd5+ Qf7 56. Qd4 Qe6 $17) 55... Qd1+ (
55... Qxg5 $142 {and Black has reached his goal} 56. Qc4+ Kh8 $19) 56. Kb2 (56.
Bc1 Qf3 $17) 56... Qd4+ 57. Ka3 (57. Kb1 Rf1+ 58. Bc1 Qd5 $17) 57... Rf7 58.
Qd8+ $4 {the pressure is too much, White crumbles} (58. Qb8+ $142 Kg7 59. Qg3
$17) 58... Qxd8 $19 59. Bxd8 h5 60. c4 (60. Kb2 {does not win a prize} Rf4 $19)
60... Rf4 (60... Rd7 $142 $5 {seems even better} 61. Bg5 Rg7 62. Bf4 $19) 61.
Kb4 (61. Bc7 Rf6 62. Bg3 $19) 61... h4 62. Kc5 (62. Bc7 {desperation} Rf7 63.
Be5 $19) 62... h3 63. Bc7 Rf7 (63... h2 $5 {and Black can already relax} 64.
Bxf4 h1=Q 65. Kd4 $19) 64. Bb8 (64. Bg3 {is still a small chance} Rf2 $3 {
the opponent will choke on this} 65. Bxf2 $19) 64... Rf2 65. a4 h2 66. Bxh2
Rxh2 67. Kb6 Rh7 (67... Rb2 $142 {ends the debate} 68. Kc5 Rxb3 69. Kd5 $19)
68. b4 (68. Kc5 $19 {otherwise it's curtains at once}) 68... Kf8 69. b5 axb5
70. axb5 (70. cxb5 Ke8 71. Ka7 Kd8 72. Kb6 Rh4 73. Kxb7 Rxa4 74. Kc6 Kc8 75.
Kd6 Kb7 76. Kc5 Rg4 77. Kd5 Kb6 78. Kd6 Rb4 79. Ke5 Kc5 80. b6 Rxb6 81. Ke4 Rh6
82. Ke5 Rh8 83. Kf4 Rf8+ 84. Ke4 Re8+ 85. Kf5 Kd4 86. Kf6 Rf8+ 87. Ke7 Rf1 88.
Ke6 Ke4 89. Kd6 Re1 90. Kc5 Rc1+ 91. Kd6 Kd4 92. Ke7 Ke5 93. Kf7 Ra1 94. Ke7
Ra7+ 95. Ke8 Kd5 96. Kd8 Kd6 97. Ke8 Rg7 98. Kf8 Rg3 99. Kf7 Ke5 100. Ke7 Rg7+
101. Kf8 Rc7 102. Ke8 Ke6 103. Kf8 Rb7 104. Kg8 Kf6 105. Kh8 Kg6 106. Kg8 Rb8#)
70... Ke8 71. c5 Kd8 (71... Rh5 72. c6 bxc6 73. Kxc6 Kd8 74. Kb6 Kd7 75. Ka5
Rh4 76. b6 Kc6 77. b7 Kxb7 78. Kb5 Rd4 79. Kc5 Rd8 80. Kb4 Kc6 81. Kc4 Rd5 82.
Kb4 Rc5 83. Ka4 Rc4+ 84. Ka3 Kb5 85. Kb3 Rc7 86. Ka2 Ka4 87. Kb2 Kb4 88. Ka2
Kc3 89. Kb1 Ra7 90. Kc1 Ra1#) 72. Ka7 Kc7 73. Ka8 Rh5 (73... Rh5 74. Ka7 Rxc5
75. b6+ Kc8 76. Ka8 Ra5#) (73... Rh4 74. b6+ Kc8 75. Ka7 Ra4#) 0-1